000 00930cam a22002891 4500
001 1702578
003 OSt
005 20230620105005.0
008 700820s1968 nyua b 000 0 eng
010 _a 68010789
040 _aDLC
_cDLC
_dDLC
050 0 0 _aHD69.D4
_bB3
082 0 0 _a320.6
_bBAU
100 1 _aBauer, Raymond Augustine,
_d1916-1977.
245 1 4 _aThe study of policy formation,
_cedited by Raymond A. Bauer and Kenneth J. Gergen.
260 _aNew York,
_bFree Press
_c[1968]
300 _axxii, 392 p.
_billus.
_c24 cm.
500 _aPrepared in cooperation with the National Planning Association.
504 _aBibliographical footnotes.
650 0 _aDecision making.
650 0 _aManagement.
650 0 _aPublic administration.
700 1 _aGergen, Kenneth J.,
_ejoint author.
710 2 _aNational Planning Association.
906 _a7
_bcbc
_corignew
_du
_encip
_f19
_gy-gencatlg
942 _2ddc
_cBK
999 _c1597
_d1597